| 000 | 01018nam a2200325 a 4500 | ||
|---|---|---|---|
| 001 | 000011851 | ||
| 003 | DO-SdBNP | ||
| 005 | 20250228152923.0 | ||
| 007 | ta | ||
| 008 | 091028s1996 dr a 001 j spa d | ||
| 020 | _a8484001776 | ||
| 040 |
_aDO-SdBNP _bspa _cBNPHU _erda |
||
| 041 | _hspa | ||
| 082 |
_aRD863.44 _bC352r _222 |
||
| 100 | 1 |
_aCastillo, Efraím, _d1940- _eautor _928022 |
|
| 245 | 1 | 0 |
_aRito de paso y otros cuentos / _cEfraím Castillo ; prólogo Diógenes Céspedes. |
| 264 |
_aSanto Domingo : _bTaller, _c1996. |
||
| 300 |
_a131 páginas : _bilustraciones ; _c21 cm. |
||
| 336 |
_ardacontent _btexto _2txt |
||
| 337 |
_ardamedia _bsin mediación _2n |
||
| 338 |
_ardacarrier _bvolumen _2nc |
||
| 490 | 1 |
_aBiblioteca Taller ; _v310 |
|
| 590 | _aInventariado, 2025/DG | ||
| 650 | 0 |
_aCuentos dominicanos _9176 |
|
| 650 | 0 |
_aLiteratura dominicana. _967 |
|
| 700 | 1 |
_aCéspedes, Diógenes, _d1941- _eprólogo _920548 |
|
| 830 | 0 |
_aBiblioteca Taller ; _n310 _914540 |
|
| 910 | _aDG | ||
| 942 |
_2ddc _cLBS1 |
||
| 999 |
_c11525 _d11525 |
||